Представление документа в формате RUSMARC

ПолеНазваниеЗначение
  Тип записи a
  Библиографический уровень m
001 Контрольный номер 034d57f21b9b4ccca0d2e0487999b524
005 Дата корректировки 20141010151022.9
010 Индекс ISBN __
a ISBN 5-7749-0243-9
200 Заглавие и сведения об ответственности 1_
a Заглавие Предприятия и банки
e Сведения, относящиеся к заглавию Взаимодействие.Экон.анализ.Моделирование:[Учеб.-практ.пособие]
f Первые сведения об ответственности Акад.нар хоз-ва при Правительстве РФ
210 Выходные данные 1_
a Место издания М.
c Издательство Дело
d Дата издания 2002
215 Физическое описание __
a Объем 453 с.
300 Общие примечания __
a Общие примечания 5экз.
610 Ключевые слова 0_
a Ключевые слова банковская деятельность
610 Ключевые слова 0_
a Ключевые слова банковские риски
610 Ключевые слова 0_
a Ключевые слова стратегия банка
610 Ключевые слова 0_
a Ключевые слова инвестиционные банки
610 Ключевые слова 0_
a Ключевые слова кредитно-финансовые учреждения
610 Ключевые слова 0_
a Ключевые слова финансово-кредитная политика
610 Ключевые слова 0_
a Ключевые слова промышленность
686 Индексы других классификаций __
a Классификационный индекс 65.9(2)26
2 Код системы rubbk
686 Индексы других классификаций __
a Классификационный индекс 65.9(2)262.1
2 Код системы rubbk
700 Автор _1
a Фамилия Егорова Наталья Евгеньевна
701 Альтернативная интеллектуальная ответственность _1
a Фамилия Смулов Александр Михайлович
801 Источник записи _0
a Страна RU
b Организация РУК
c Дата составления 20021211
g Правила каталогизации PSBO
801 Источник записи _1
a Страна RU
b Организация РУК
c Дата составления 20021211
g Правила каталогизации PSBO
852 Данные о местонахождении __
i Авторский знак Е30
j Шифр хранения ББК 65.9(2)26
901 Тип документа __
t Тип документа m
938 Служебная информация __
a Название организации Головной вуз
b Имя БД BOOK
c Название АИБС АИБС ИРБИС
938 Служебная информация __
a Название организации Ижевский филиал